| 000 | 004620000a22001930004500 | ||
|---|---|---|---|
| 003 | LK-CoMWRAF | ||
| 005 | 20231029210230.0 | ||
| 008 | 230817t ||||| |||| 00| 0 eng d | ||
| 020 | _a0304766492 | ||
| 040 |
_aLK-CoMWRAF _dLK-CoMWRAF _eLK-CoMWRAF |
||
| 041 | _aeng | ||
| 082 |
_a823 _bCAR |
||
| 100 | _aCarr'e, John le | ||
| 245 | _aThe Little drummer girl | ||
| 260 |
_aU.K. : _bSceptre, _c2000 |
||
| 300 | _a572p | ||
| 650 | _aEnglish Fiction | ||
| 942 | _cBK | ||
| 999 |
_c784 _d784 |
||